| 000 | 00352nam a22001457a 4500 | ||
|---|---|---|---|
| 003 | SGT | ||
| 082 |
_a617.645 _bR21C |
||
| 100 | _aChaturvedi, Aditi | ||
| 245 | _aRecent Advances in Periodontal therapy | ||
| 260 |
_aGurugram, Haryana _bSGT University _c2021 |
||
| 300 | _a160 | ||
| 650 | _aPeriodontology | ||
| 653 | _aPeriodontology | ||
| 942 |
_2ddc _cTH |
||
| 999 |
_c23637 _d23637 |
||